书目信息 |
| 题名: |
少数民族服饰
|
|
| 作者: | 苏日娜 编著 | |
| 分册: | ||
| 出版信息: | 北京 中国社会出版社 2006 |
|
| 页数: | 170页 | |
| 开本: | 21cm | |
| 丛书名: | 中国民俗文化丛书 | |
| 单 册: | ||
| 中图分类: | K892.23 | |
| 科图分类: | ||
| 主题词: | 少数民族--服饰--简介--中国 , 少数民族 , 服饰 | |
| 电子资源: | ||
| ISBN: | 7-5087-1356-7 | |
| 000 | 00772oam2 2200265 450 | |
| 001 | 1240603313 | |
| 005 | 20121013111713.60 | |
| 010 | @a7-5087-1356-7@dCNY12.00 | |
| 100 | @a20070112d2006 em y0chiy50 ea | |
| 101 | 0 | @achi |
| 102 | @aCN@b110000 | |
| 105 | @aa z 000yy | |
| 200 | 1 | @a少数民族服饰@Ashao shu min zu fu shi@f苏日娜编著 |
| 210 | @a北京@c中国社会出版社@d2006 | |
| 215 | @a170页@c图,照片@d21cm | |
| 225 | 2 | @a中国民俗文化丛书 |
| 330 | @a本书简要介绍了我国55个少数民族的服饰文化,并配有民族服饰图片。 | |
| 461 | 0 | @12001 @a中国民俗文化丛书 |
| 606 | 0 | @a少数民族@x服饰@x简介@y中国 |
| 606 | 0 | @a少数民族 |
| 606 | 0 | @a服饰 |
| 690 | @aK892.23@v4 | |
| 701 | 0 | @a苏日娜@Asu ri na@4编著 |
| 801 | 0 | @aCN@bNLC@c20101222 |
| 905 | @a10447@dK892.23@eJY61 | |
| 少数民族服饰/苏日娜编著.-北京:中国社会出版社,2006 |
| 170页:图,照片;21cm.-(中国民俗文化丛书) |
| ISBN 7-5087-1356-7:CNY12.00 |
| 本书简要介绍了我国55个少数民族的服饰文化,并配有民族服饰图片。 |
| ● |
| 相关链接 |
|
|
|
|
正题名:少数民族服饰
索取号:K892.23/JY61
 
预约/预借
| 序号 | 登录号 | 条形码 | 馆藏地/架位号 | 状态 | 备注 |
| 1 | 7826141 | 278261417 | 学院路分馆/ [索取号:K892.23/JY61] | 在馆 | |
| 2 | 7826142 | 278261426 | 学院路分馆/ [索取号:K892.23/JY61] | 在馆 |